United Kingdom Offshore Steels Research Project presentation at the National Engineering Laboratory, East Kilbride, Scotland /

Tallennettuna:
Bibliografiset tiedot
Yhteisötekijät: Great Britain. Department of Energy, Great Britain. Offshore Energy Technology Board, Construction Industry Research and Information Association
Aineistotyyppi: Kirja
Kieli:English
Julkaistu: London : CIRIA, 1977.
Sarja:Offshore technology paper ; OTP 3.
Aiheet:
LEADER 01777cam a2200409 a 4500
001 c000397914
003 CARM
005 20140829121359.0
008 140829s1977 enka b 000 0 eng d
019 1 |a 69793799  |5 LACONCORD2021 
035 |a (OCoLC)54857533  |5 LACONCORD2021 
040 |a ESU  |b eng  |c ESU  |d OCLCQ  |d OCLCO  |d OCLCF  |d OCLCO  |d VCAV 
043 |a e-uk--- 
082 0 4 |a 627  |2 23 
245 0 0 |a United Kingdom Offshore Steels Research Project presentation at the National Engineering Laboratory, East Kilbride, Scotland /  |c produced for the Department of Energy by CIRIA. 
246 1 |i On cover:  |a Offshore research & development 
260 |a London :  |b CIRIA,  |c 1977. 
300 |a 34 pages :  |b illustrations ;  |c 30 cm. 
336 |a text  |b txt  |2 rdacontent 
337 |a unmediated  |b n  |2 rdamedia 
338 |a volume  |b nc  |2 rdacarrier 
490 1 |a Department of Energy offshore technology paper ;  |v OTP 3 
500 |a "Department of Energy, Offshore Energy Technology Board"--Cover. 
500 |a "September, 1977." 
504 |a Includes bibliographical references. 
650 0 |a Offshore structures  |x Design and construction. 
650 0 |a Steel  |x Stress corrosion. 
650 0 |a Steel  |x Fatigue. 
710 1 |a Great Britain.  |b Department of Energy. 
710 1 |a Great Britain.  |b Offshore Energy Technology Board. 
710 2 |a Construction Industry Research and Information Association. 
852 8 |b CARM  |p 0606598  |f BK 
852 8 |b SCAN  |h A3:AH06E0  |i F08966  |p 0606598  |f BK 
830 0 |a Offshore technology paper ;  |v OTP 3. 
999 f f |i f1b00936-da5d-50ec-9892-7e43c32ace15  |s 1f233319-03a7-5798-a6f5-fc9192aba483 
952 f f |p Can circulate  |a CAVAL  |b CAVAL  |c CAVAL  |d CARM 1 Store  |i book  |m 0606598 
952 f f |a CAVAL  |b CAVAL  |c CAVAL  |d Unmapped Location  |e F08966  |f A3:AH06E0  |h Other scheme